| 000 | 00341nam a22001217a 4500 | ||
|---|---|---|---|
| 020 | _a0-8018-1614-9 | ||
| 082 | _a639.2 SAI'T | ||
| 100 |
_aSAILA, SAUL B,NORTON, VIRGIL J _977124 |
||
| 245 | _aTUNA STATUS TRENDS AND ALTERNATIVE MANAGEMENT ARRANGEMENT | ||
| 260 |
_aWASHINGTON _bRESOURCES FOR THE FUTURE _c1974 |
||
| 300 | _a59P | ||
| 942 | _cBK | ||
| 999 |
_c582452 _d582452 |
||